| 000 | 01124nam a2200301Ia 4500 | ||
|---|---|---|---|
| 001 | ebr10196619 | ||
| 003 | CaPaEBR | ||
| 006 | m u | ||
| 007 | cr cn||||||||| | ||
| 008 | 061207s2007 enk s 001 0 eng d | ||
| 020 | _z9780713678499 (pbk.) : | ||
| 020 | _z0713678496 (pbk.) : | ||
| 040 |
_aCaPaEBR _cCaPaEBR |
||
| 035 | _a(OCoLC)191702397 | ||
| 050 | 1 | 4 |
_aPE1431 _b.C36 2007eb |
| 082 | 0 | 4 |
_a808.06665 _222 |
| 100 | 1 | _aCamp, Lindsay. | |
| 245 | 1 | 0 |
_aCan I change your mind? _h[electronic resource] : _bthe craft and art of persuasive writing / _cLindsay Camp. |
| 260 |
_aLondon : _bA. & C. Black, _c2007. |
||
| 300 | _aix, 246 p. | ||
| 500 | _aIncludes index. | ||
| 533 |
_aElectronic reproduction. _bPalo Alto, Calif. : _cebrary, _d2009. _nAvailable via World Wide Web. _nAccess may be limited to ebrary affiliated libraries. |
||
| 650 | 0 | _aBusiness writing. | |
| 650 | 0 | _aPersuasion (Rhetoric) | |
| 655 | 7 |
_aElectronic books. _2local |
|
| 710 | 2 | _aebrary, Inc. | |
| 856 | 4 | 0 |
_uhttp://site.ebrary.com/lib/rucke/Doc?id=10196619 _zAn electronic book accessible through the World Wide Web; click to view |
| 999 |
_c115620 _d115620 |
||